Statistiques concernant Pays où il y a le plus d'athées

Cliquez ici pour prendre le quiz!

Statistiques générales

  • Ce quiz a été pris 272 fois
  • Le résultat moyen est 11 sur 20

Statistiques - réponses

PourcentagePays% Correct
31,9%France
97%
51,8%Chine
82%
26,3%Allemagne
81%
60%Japon
78%
31,2%Royaume-Uni
74%
31%Belgique
71%
29%Suède
69%
46,6%Corée du Sud
68%
28,6%Australie
65%
71,3%Corée du Nord
64%
44,3%Pays-Bas
62%
39,6%Nouvelle-Zélande
51%
36,5%Mongolie
36%
29,9%Vietnam
35%
78,4%République Tchèque
34%
60,2%Estonie
32%
45,3%Lettonie
30%
28,6%Biélorussie
24%
27,9%Fidji
10%
41,5%Uruguay
6%

Distribution des résultats

Percentile par nombre de réponses

% des personnes avec chaque résultat

Votre développement - résultats

Vous n’avez pas pris ce quiz